000 00917nam2a2200241 4500
001 rc\2934566
005 20110822100423.7
035 _a(NLR Aleph) 007083779
090 _a13598120
_c13598120
100 _a20110822d1934 |||y0rusy50 ca
101 0 _arus
102 _aRU
105 _aa z |||||
200 0 _aЗадание 11
_fДоц. Г.Ю. Курроль
210 _d[1934]
215 _a74 с.
_cчерт.
461 0 _1001rc\2934565
_12000#$aВысшая математика$fПод ред. проф. А.П. Полякова$gИн-т заоч. повышения квалификации инж-ров, техников и хозяйственников при Всес. совете науч. инж.-техн. об-в ...$vЗадание 11
700 1 _aКурроль
_bГ. Ю.
801 0 _aRU
_bNLR
_gpsbo
801 1 _aRU
_bELAR
_2rusmarc
852 _aNLR
_j33-18/711(11)
942 _cBOOK
980 _aNB